000
00243nam a2200097Ia 4500
008
230915s9999 xx 000 0 und d
050
_a
RG 524 .M95 200 C.1
100
_a
MARSHALL,JAYNE E.
245
0
_a
MYLES TEXTBOOK FOR MIDWIVES
942
_c
BK
999
_c
198797
_d
198797